América Latina según Whitney y Disney el cine interamericano de la Política de Buena Vecindad en los años 1930 y 40 /

La representación de otras naciones en el cine estadounidense se ha adherido siempre a las líneas generales de la política exterior del país. En cuanto a América Latina –a lo largo del siglo XX–, la aparición de los latinos en el cine de Hollywood también dependía de las relaciones diplomáticas vige...

Teljes leírás

Elmentve itt :
Bibliográfiai részletek
Szerző: Lénárt András
Dokumentumtípus: Cikk
Megjelent: Universidad de Szeged, Departamento de Estudios Hispánicos Szeged 2018
Sorozat:Acta hispanica
Kulcsszavak:Kulturális élet - spanyol nyelvterület, Filmtörténet
Tárgyszavak:
doi:10.14232/actahisp.2018.23.55-67

Online Access:http://acta.bibl.u-szeged.hu/71051
LEADER 02600nab a2200241 i 4500
001 acta71051
005 20220718122802.0
008 201208s2018 hu o 0|| spa d
022 |a 1416-7263 
024 7 |a 10.14232/actahisp.2018.23.55-67  |2 doi 
040 |a SZTE Egyetemi Kiadványok Repozitórium  |b hun 
041 |a spa 
100 1 |a Lénárt András 
245 1 0 |a América Latina según Whitney y Disney   |h [elektronikus dokumentum] :  |b el cine interamericano de la Política de Buena Vecindad en los años 1930 y 40 /  |c  Lénárt András 
260 |a Universidad de Szeged, Departamento de Estudios Hispánicos  |b Szeged  |c 2018 
300 |a 55-67 
490 0 |a Acta hispanica 
520 3 |a La representación de otras naciones en el cine estadounidense se ha adherido siempre a las líneas generales de la política exterior del país. En cuanto a América Latina –a lo largo del siglo XX–, la aparición de los latinos en el cine de Hollywood también dependía de las relaciones diplomáticas vigentes entre las dos regiones. En mi artículo presento los aspectos cinematográficos de la nueva actitud de los EE. UU. hacia América Latina en los años 30 y la primera mitad de los 40, dentro del marco de la Política de Buena Vecindad, formulada por el presidente Franklin Delano Roosevelt. En esta misión tenía un papel clave John Hay Whitney, director de la División Cinematográfica de una oficina especializada (OIAA), contando con el apoyo de varios cineastas famosos, entre otros, Walt Disney. The representation of other nations in American cinema has always fallen in line with the guiding principles of the country’s foreign policy. As for Latin America –throughout the 20th century– the emergence of latinos in Hollywood cinema also depended on the current diplomatic relations between the two regions. In my article I present the cinematographic aspects of the USA’s new attitude towards Latin America in the 1930s and the first half of the 1940s, within the framework of the Good Neighbor Policy, formulated by President Franklin Delano Roosevelt. In this mission John Hay Whitney, director of the Motion Picture Division of a specialized office (OIAA), had a key role, with the support of several famous filmmakers, among others, Walt Disney. 
650 4 |a Bölcsészettudományok 
650 4 |a Nyelvek és irodalom 
650 4 |a Művészetek (művészetek, művészettörténet, előadóművészetek, zene) 
695 |a Kulturális élet - spanyol nyelvterület, Filmtörténet 
856 4 0 |u http://acta.bibl.u-szeged.hu/71051/1/hispanica_023_055-067.pdf  |z Dokumentum-elérés